000 00297nam a22001337a 4500
008 170620b xxu||||| |||| 00| 0 eng d
020 _a9780742535534
041 _aeng
080 _a32
100 _a20
101 _aSHP
245 _aBRIDGING THE EUROPEAN DIVIDE
_cSPERO, J.B
942 _2udc
_cBK
999 _c18288
_d18288